000 00189nam a2200085 4500
001 1257541
005 20260216105610.0
245 _ason koleksiyoncu
_calmıla aydın
260 _baltın kitaplar
999 _c1257541
_d1257541